000 00717cam a2200253 4500
999 _c56867
_d56867
001 1770058
005 20190524181503.0
008 700603s1969 enka 001 0 eng
010 _a 76465489
015 _aUSSR***
040 _aDLC
_cDLC
_dDLC
041 _aeng
050 0 0 _aP27
_b.B45
082 0 0 _a410
100 1 _aBerezin, F. M.
_q(Fedor Mikhaĭlovich)
_91602
245 1 0 _aLectures on linguistics
_c[by] F. M. Berezin.
260 _aMoscow,
_bHigher School Publishing House,
_c1969.
300 _a175 p.
_billus.
_c20 cm.
350 _a0.29
650 0 _aLinguistics.
_91603
653 _aლინგვისტიკა
906 _a7
_bcbc
_corignew
_du
_encip
_f19
_gy-gencatlg
942 _2udc
_cMX